Cooper and Gunn's dispensing for pharmaceutical students /

Podrobná bibliografie
Hlavní autor: Cooper, John W. (John William), 1896-
Další autoři: Gunn, Colin, Carter, Sidney James
Médium: Kniha
Jazyk:English
Vydáno: New Delhi : CBS Publishers and Distributors, c1975 [reprinted 2000, 2008].
Vydání:Twelve edition.
Témata:
Classic Catalogue: View this record in Classic Catalogue
LEADER 03036nam a2200409 a 4500
001 26539
003 BD-DhAAL
008 130430r20081975enka b 001 0 eng d
020 |a 0272793655 
020 |a 8123909020 
040 |a DLC  |c DLC  |d DLC  |d BD-DhAAL 
082 0 0 |a 615.4  |2 20 
100 1 |a Cooper, John W.  |q (John William),  |d 1896-  |9 2635 
240 1 0 |a Dispensing for pharmaceutical students 
245 1 0 |a Cooper and Gunn's dispensing for pharmaceutical students /  |c revised by Sidney James Carter. 
250 |a Twelve edition. 
260 |a New Delhi :  |b CBS Publishers and Distributors,  |c c1975 [reprinted 2000, 2008]. 
300 |a viii, 759 pages :  |b illustrations ;  |c 26 cm. 
504 |a Includes bibliographies and index. 
526 |x Mustak Ibn Ayub Department of Mathematics and Natural Sciences Course name and no. "not available" 
541 1 |e 26539, 27412, 27413 
650 0 |a Pharmacy.  |9 2636 
650 2 |a Pharmacy.  |9 2637 
700 1 |a Gunn, Colin,  |9 2638 
700 1 |a Carter, Sidney James.  |9 2639 
740 |a Dispensing for pharmaceutical students. 
852 1 |a Ayesha Abed Library   |j General Shelf. 
942 |2 ddc  |c BK 
999 |c 13369  |d 13369 
952 |0 0  |1 0  |2 ddc  |4 0  |6 615_000000000000000__4_COO  |7 0  |9 22280  |a PHR  |b PHR  |c GEN  |d 2013-01-22  |e Trim Education  |g 635.00  |l 2  |m 4  |o 615.4 COO  |p 3010026539  |r 2013-09-03  |s 2013-08-18  |t 4  |w 2013-01-22  |y BK 
952 |0 0  |1 0  |2 ddc  |4 0  |6 615_400000000000000_COO  |7 0  |9 22281  |a BRACUL  |b BRACUL  |c GEN  |d 2013-01-22  |e Trim Education  |g 635.00  |l 5  |m 7  |o 615.4 COO  |p 3010026540  |r 2016-01-12  |s 2015-01-23  |t 5  |w 2013-01-22  |y BK 
952 |0 0  |1 0  |2 ddc  |4 0  |6 615_400000000000000_COO  |7 0  |9 22282  |a BRACUL  |b BRACUL  |c GEN  |d 2013-01-22  |e Trim Education  |g 635.00  |l 1  |o 615.4 COO  |p 3010026541  |r 2013-05-21  |s 2013-05-01  |t 6  |w 2013-01-22  |y BK 
952 |0 0  |1 0  |2 ddc  |4 0  |6 615_400000000000000_COO  |7 0  |9 22283  |a BRACUL  |b BRACUL  |c GEN  |d 2013-05-01  |e Parash Publishers  |g 586.00  |l 0  |o 615.4 COO  |p 3010018863  |r 2013-05-01  |t 1  |w 2013-05-01  |y BK  |x Requisitioned by Mustak Ibn Ayub, Department of Mathematics and Natural Sciences, Course name and no. "not available" 
952 |0 0  |1 0  |2 ddc  |4 0  |6 615_400000000000000_COO  |7 0  |9 22284  |a BRACUL  |b BRACUL  |c GEN  |d 2013-05-01  |e Parash Publishers  |g 586.00  |l 1  |m 18  |o 615.4 COO  |p 3010018864  |r 2024-12-02  |s 2024-06-30  |t 2  |w 2013-05-01  |y BK  |x Requisitioned by Mustak Ibn Ayub, Department of Mathematics and Natural Sciences, Course name and no. "not available" 
952 |0 0  |1 0  |2 ddc  |4 0  |6 615_400000000000000_COO  |7 0  |9 22285  |a BRACUL  |b BRACUL  |c GEN  |d 2013-05-01  |e Parash Publishers  |g 586.00  |l 0  |o 615.4 COO  |p 3010018865  |r 2013-05-01  |t 3  |w 2013-05-01  |y BK  |x Requisitioned by Mustak Ibn Ayub, Department of Mathematics and Natural Sciences, Course name and no. "not available" 
952 |0 0  |1 0  |2 ddc  |4 0  |6 615_400000000000000_COO  |7 0  |9 23159  |a BRACUL  |b BRACUL  |c GEN  |d 2013-08-17  |e Parash Publishers  |g 739.00  |l 3  |m 8  |o 615.4 COO  |p 3010027412  |r 2024-10-23  |s 2024-06-30  |t 7  |w 2013-08-17  |y BK 
952 |0 0  |1 0  |2 ddc  |4 0  |6 615_400000000000000_COO  |7 0  |9 23160  |a BRACUL  |b BRACUL  |c GEN  |d 2013-08-17  |e Parash Publishers  |g 739.00  |l 2  |m 21  |o 615.4 COO  |p 3010027413  |r 2014-12-03  |s 2014-10-16  |t 8  |w 2013-08-17  |y BK